=LDR 00000nam 2200000 4500 =001 INLIS000000000019945 =005 20130612114942 =008 ***********************************Ind** =035 ##$$0010-061300000019945 =041 ##$$a Ind =082 ##$$a 346.029 598 =090 ##$$a 346.029 598, Sal p =100 ##$$a Salim =245 ##$$a Perkembangan hukum kontrak innaminat di Indonesia, oleh Salim, HS, SH, MS =260 ##$$a 2004 $b Jakarta =300 ##$$a x, 186 hlm, 23 cm =650 ##$$a Hukum Kontrak =850 ##$$a NBPNMAT =990 ##$$a 21400613/BPAP-NTB/20142014 =990 ##$$a 21400613/BPAP-NTB/20142014 =990 ##$$a 0001/BPAP-NTB/20142015 =990 ##$$a 0001/BPAP-NTB/2016